[Event "NOR-chT Club"]
[Site "Bergen"]
[Date "2023.05.19"]
[Round "2.5"]
[White "Hagesaether, Halvard"]
[Black "Christiansen, Johan Sebastian"]
[Result "0-1"]
[WhiteElo "2219"]
[BlackElo "2589"]
[PlyCount "26"]
[EventDate "2023.05.18"]
[EventType "team-swiss"]
[EventRounds "6"]
[EventCountry "NOR"]
[SourceTitle "CBM 214 Extra"]
[Source "ChessBase"]
[SourceDate "2023.07.31"]
[SourceVersion "1"]
[SourceVersionDate "2023.07.31"]
[SourceQuality "1"]
[WhiteTeam "Haugaland"]
[BlackTeam "Offerspill"]
[WhiteTeamCountry "NOR"]
[BlackTeamCountry "NOR"]

1. e4 e5 2. f4 exf4 3. Nc3 Qh4+ 4. Ke2 d5 5. Nxd5 Bg4+ 6. Nf3 Nc6 7. d4 0-0-0 8. Kd3 Qh5 9. c3 f5 10. Nxf4 fxe4+ 11. Kxe4 Re8+ 12. Kd3 Qf5+ 13. Kc4 Na5# 0-1

[Event "NOR-chT Club"]
[Site "Bergen"]
[Date "2018.05.13"]
[Round "6.3"]
[White "Hagesaether, Halvard"]
[Black "Houska, Jovanka"]
[Result "1/2-1/2"]
[WhiteElo "2239"]
[BlackElo "2420"]
[PlyCount "27"]
[EventDate "2018.05.10"]
[EventType "team-swiss"]
[EventRounds "6"]
[EventCountry "NOR"]
[SourceTitle "EXT 2019"]
[Source "ChessBase"]
[SourceDate "2018.10.10"]
[SourceVersion "1"]
[SourceVersionDate "2018.10.10"]
[SourceQuality "1"]
[WhiteTeam "Sevland"]
[BlackTeam "Bergens"]
[WhiteTeamCountry "NOR"]
[BlackTeamCountry "NOR"]

1. e4 c6 2. d4 d5 3. f3 e6 4. Be3 Qb6 5. Nd2 Nf6 6. Bd3 c5 7. c3 Nc6 8. Ne2 cxd4 9. cxd4 e5 10. 0-0 exd4 11. Nxd4 Nxd4 12. Qa4+ Nd7 13. Bxd4 Bc5 14. Nb3 1/2-1/2

[Event "NOR-chT Club"]
[Site "Bergen"]
[Date "2018.05.11"]
[Round "2.4"]
[White "Lobersli, Henrik Oie"]
[Black "Hagesaether, Halvard"]
[Result "0-1"]
[WhiteElo "2118"]
[BlackElo "2239"]
[PlyCount "94"]
[EventDate "2018.05.10"]
[EventType "team-swiss"]
[EventRounds "6"]
[EventCountry "NOR"]
[SourceTitle "EXT 2019"]
[Source "ChessBase"]
[SourceDate "2018.10.10"]
[SourceVersion "1"]
[SourceVersionDate "2018.10.10"]
[SourceQuality "1"]
[WhiteTeam "Kristiansund"]
[BlackTeam "Sevland"]
[WhiteTeamCountry "NOR"]
[BlackTeamCountry "NOR"]

1. e4 e6 2. d4 d5 3. Nc3 Nf6 4. e5 Ng8 5. f4 c5 6. Nf3 Nc6 7. Be3 b6 8. Bd3 Nh6 9. 0-0 a6 10. Kh1 c4 11. Be2 Nf5 12. Bf2 b5 13. Qd2 Be7 14. Nd1 0-0 15. g4 Nh4 16. Ne3 Ng6 17. Bg3 f6 18. exf6 gxf6 19. f5 Nh8 20. Nh4 e5 21. dxe5 d4 22. Bf3 Bb7 23. Nd5 Nxe5 24. Bxe5 fxe5 25. f6 Bxd5 26. Qg5+ Ng6 27. fxe7 Bxf3+ 28. Nxf3 Qxe7 29. Qxe7 Nxe7 30. Nxe5 Rad8 31. Kg1 Ng6 32. Nxg6 hxg6 33. Rad1 Rd6 34. Rxf8+ Kxf8 35. Kf2 Ke7 36. Kf3 Kf6 37. Kf4 g5+ 38. Ke4 Re6+ 39. Kf3 Re3+ 40. Kf2 Re4 41. Kf3 Ke5 42. Rd2 Re3+ 43. Kf2 Ke4 44. Kf1 d3 45. cxd3+ cxd3 46. Kf2 Rf3+ 47. Kg2 Rf4 0-1

[Event "Kolding Sondex Cup Gp3"]
[Site "Kolding"]
[Date "2017.04.28"]
[Round "1"]
[White "Hansen, Lars"]
[Black "Hagesaether, Halvard"]
[Result "0-1"]
[WhiteElo "2254"]
[BlackElo "2232"]
[PlyCount "76"]
[EventDate "2017.04.28"]
[EventType "tourn"]
[EventRounds "5"]
[EventCountry "DEN"]
[SourceTitle "EXT 2018"]
[Source "ChessBase"]
[SourceDate "2017.10.13"]
[SourceVersion "1"]
[SourceVersionDate "2017.10.13"]
[SourceQuality "1"]

1. e4 c5 2. Nc3 a6 3. g3 b5 4. Bg2 Bb7 5. d3 e6 6. f4 b4 7. Na4 d5 8. exd5 exd5 9. Nf3 Nf6 10. 0-0 Be7 11. c4 0-0 12. Ne5 Qc7 13. Re1 Nc6 14. Be3 Nd4 15. Rc1 Nf5 16. Bf2 d4 17. Bxb7 Qxb7 18. g4 Ne3 19. Bxe3 dxe3 20. Rxe3 Rad8 21. Qe2 Bd6 22. Re1 Nd7 23. Nxd7 Rxd7 24. Re8 Rd8 25. Rxd8 Rxd8 26. f5 h6 27. Qe4 Qc7 28. Re2 Bf8 29. b3 Rd4 30. Qf3 Qd6 31. Re3 Rf4 32. Qe2 Qd4 33. h3 h5 34. Nb6 hxg4 35. Nd5 Rxf5 36. Qxg4 Rxd5 37. cxd5 Qxe3+ 38. Kg2 Qxd3 0-1

[Event "Kolding Sondex Cup Gp3"]
[Site "Kolding"]
[Date "2016.04.10"]
[Round "4"]
[White "Hagesaether, Halvard"]
[Black "Hansen, Lars"]
[Result "1-0"]
[WhiteElo "2242"]
[BlackElo "2273"]
[PlyCount "60"]
[EventDate "2016.04.08"]
[EventType "tourn"]
[EventRounds "5"]
[EventCountry "DEN"]
[EventCategory "3"]
[SourceTitle "CBM 171 Extra"]
[Source "ChessBase"]
[SourceDate "2016.04.26"]
[SourceVersion "1"]
[SourceVersionDate "2016.04.26"]
[SourceQuality "1"]

1. e4 e6 2. d4 d5 3. Nc3 Nf6 4. Bg5 Be7 5. e5 Nfd7 6. h4 h6 7. Be3 c5 8. Qg4 Kf8 9. Nf3 cxd4 10. Qxd4 Nc6 11. Qf4 a6 12. Bd3 Kg8 13. 0-0-0 Qc7 14. Bd4 Nxd4 15. Qxd4 Qa5 16. Kb1 Nb6 17. Rh3 Bd7 18. Rg3 Rc8 19. Ne2 h5 20. Ng5 Nc4 21. Qf4 Be8 22. Nd4 Nxb2 23. Ngxe6 g6 24. Bxg6 fxg6 25. Kxb2 Bb4 26. Rdd3 Rh7 27. Rgf3 Bf7 28. Ng5 Qb6 29. Nb3 Qc7 30. c3 Be7 1-0

[Event "Bergen op"]
[Site "Bergen"]
[Date "2014.10.12"]
[Round "4"]
[White "Hagesaether, Halvard"]
[Black "Haldorsen, Benjamin"]
[Result "1-0"]
[WhiteElo "2245"]
[BlackElo "2020"]
[PlyCount "85"]
[EventDate "2014.10.10"]
[EventType "swiss"]
[EventRounds "5"]
[EventCountry "NOR"]
[SourceTitle "EXT 2015"]
[Source "ChessBase"]
[SourceDate "2014.11.20"]
[SourceVersion "1"]
[SourceVersionDate "2014.11.20"]
[SourceQuality "1"]

1. d4 Nf6 2. Nc3 d5 3. Bf4 Bf5 4. f3 e6 5. g4 Bg6 6. h4 h5 7. g5 Nfd7 8. e3 Nb6 9. Bd3 Bxd3 10. cxd3 Bd6 11. Nge2 Nc6 12. a3 Bxf4 13. Nxf4 Qe7 14. Qd2 0-0-0 15. Nce2 e5 16. dxe5 Nxe5 17. Kf2 g6 18. b3 Kb8 19. d4 Ned7 20. a4 Nf8 21. a5 Nc8 22. a6 b6 23. Qc3 Qd6 24. Rac1 Ne7 25. b4 Rc8 26. b5 Ne6 27. Qb3 c5 28. bxc6 Rhd8 29. Nc3 Nxd4 30. c7+ Qxc7 31. Qa4 Ndc6 32. Nce2 Nf5 33. Rhd1 Qe5 34. Rxc6 Qxe3+ 35. Ke1 Nxh4 36. Rxc8+ Rxc8 37. Qd7 Nxf3+ 38. Kf1 Rc7 39. Qd8+ Rc8 40. Qxd5 Nh2+ 41. Kg2 Qe7 42. Kxh2 Rc5 43. Qf3 1-0

[Event "Bergen op"]
[Site "Bergen"]
[Date "2014.10.11"]
[Round "2"]
[White "Hagesaether, Halvard"]
[Black "Gronnestad, Anita"]
[Result "1-0"]
[WhiteElo "2245"]
[BlackElo "1921"]
[PlyCount "111"]
[EventDate "2014.10.10"]
[EventType "swiss"]
[EventRounds "5"]
[EventCountry "NOR"]
[SourceTitle "EXT 2015"]
[Source "ChessBase"]
[SourceDate "2014.11.20"]
[SourceVersion "1"]
[SourceVersionDate "2014.11.20"]
[SourceQuality "1"]

1. b3 e5 2. Bb2 Nc6 3. e3 Nf6 4. Bb5 Bd6 5. Na3 0-0 6. Nc4 Re8 7. Nxd6 cxd6 8. g4 a6 9. Bf1 d5 10. g5 Ne4 11. h4 d4 12. Qf3 d5 13. 0-0-0 Qa5 14. a3 Be6 15. Qg2 Rac8 16. Nf3 Nc3 17. exd4 Nxd1 18. Kxd1 Nxd4 19. Nxd4 exd4 20. Bd3 Qc7 21. Qg3 Qxg3 22. fxg3 Bg4+ 23. Kc1 Bf3 24. Rf1 Be4 25. Bxe4 Rxe4 26. Kd1 Rce8 27. Rg1 b5 28. d3 Rg4 29. Bc1 f6 30. Bf4 fxg5 31. hxg5 Kf7 32. Rh1 Kg6 33. Kd2 Re6 34. c3 Rxg5 35. Bxg5 Kxg5 36. Rxh7 g6 37. Rh4 dxc3+ 38. Kxc3 Re3 39. Rd4 Rxg3 40. Rxd5+ Kf4 41. Rd6 g5 42. Rxa6 g4 43. Kd4 Rg1 44. Rf6+ Kg5 45. Rf8 g3 46. Kc5 Rb1 47. b4 Kg4 48. d4 g2 49. Rg8+ Kf3 50. d5 Rd1 51. d6 Rc1+ 52. Kxb5 Rc8 53. Rg7 Kf2 54. d7 Rd8 55. Kc6 g1Q 56. Rxg1 1-0

[Event "Stavanger op A"]
[Site "Stavanger"]
[Date "2013.05.??"]
[Round "1"]
[White "Hagesaether, Halvard"]
[Black "Greeuw, Sietske"]
[Result "1-0"]
[WhiteElo "2267"]
[BlackElo "1952"]
[PlyCount "75"]
[EventDate "2013.05.08"]
[EventType "swiss"]
[EventRounds "6"]
[EventCountry "NOR"]
[SourceTitle "EXT 2024"]
[Source "ChessBase"]
[SourceDate "2023.10.10"]
[SourceVersion "1"]
[SourceVersionDate "2023.10.10"]
[SourceQuality "1"]

1. e4 c5 2. Nf3 Nc6 3. Nc3 g6 4. d4 cxd4 5. Nxd4 Bg7 6. Nb3 Nf6 7. Be2 d6 8. 0-0 0-0 9. Bg5 Be6 10. Kh1 Rc8 11. f4 Na5 12. e5 Nxb3 13. axb3 dxe5 14. Qxd8 Rfxd8 15. fxe5 Nd5 16. Rxa7 Bxe5 17. Rxb7 f6 18. Bd2 Kf7 19. Ne4 Bf5 20. Bd3 Bxb2 21. Ba5 Rd7 22. Ng5+ fxg5 23. Bxf5 gxf5 24. Rxd7 Ke6 25. Ra7 Rxc2 26. Re1+ Kf7 27. Rd7 Nf4 28. Rdxe7+ Kg6 29. g3 Nd3 30. R1e2 Rc1+ 31. Kg2 f4 32. Rd2 f3+ 33. Kxf3 Ne5+ 34. Kg2 Kf6 35. Bd8 Nc6 36. Re1+ Nxd8 37. Rxc1 Bxc1 38. Rxd8 1-0

[Event "Aarhus Chess House"]
[Site "Aarhus"]
[Date "2012.07.10"]
[Round "4"]
[White "Andersen, Jackie"]
[Black "Hagesaether, Halvard"]
[Result "1-0"]
[WhiteElo "2328"]
[BlackElo "2278"]
[PlyCount "55"]
[EventDate "2012.07.07"]
[EventType "tourn"]
[EventRounds "9"]
[EventCountry "DEN"]
[EventCategory "4"]
[SourceTitle "CBM 149 Extra"]
[Source "ChessBase"]
[SourceDate "2012.08.24"]
[SourceVersion "1"]
[SourceVersionDate "2012.08.24"]
[SourceQuality "1"]

1. d4 Nf6 2. Nf3 d6 3. c4 g6 4. Nc3 Bf5 5. Qb3 Qc8 6. h3 Bg7 7. g4 Bd7 8. e4 0-0 9. Be3 a5 10. Qc2 Na6 11. a3 Qb8 12. Be2 c6 13. c5 b5 14. cxb6 Qxb6 15. Nd2 d5 16. e5 Ne8 17. Na4 Qa7 18. Nb3 f6 19. 0-0 c5 20. Naxc5 a4 21. Bxa6 axb3 22. Qxb3 Bc6 23. f4 h5 24. Bd3 hxg4 25. hxg4 g5 26. Qc2 gxf4 27. Qh2 f5 28. Rxf4 1-0

[Event "Aarhus Chess House"]
[Site "Aarhus"]
[Date "2012.07.09"]
[Round "3"]
[White "Hagesaether, Halvard"]
[Black "Skytte, Rasmus"]
[Result "1/2-1/2"]
[WhiteElo "2278"]
[BlackElo "2401"]
[PlyCount "37"]
[EventDate "2012.07.07"]
[EventType "tourn"]
[EventRounds "9"]
[EventCountry "DEN"]
[EventCategory "4"]
[SourceTitle "CBM 149 Extra"]
[Source "ChessBase"]
[SourceDate "2012.08.24"]
[SourceVersion "1"]
[SourceVersionDate "2012.08.24"]
[SourceQuality "1"]

1. e4 d5 2. exd5 Qxd5 3. Nc3 Qa5 4. Nf3 Nf6 5. Bc4 c6 6. d4 Bf5 7. Bd2 e6 8. Ne4 Qc7 9. Nxf6+ gxf6 10. Qe2 Nd7 11. 0-0-0 0-0-0 12. Nh4 Bg6 13. Bb3 c5 14. d5 e5 15. Nxg6 hxg6 16. h4 Nb6 17. Ba5 f5 18. c4 Bd6 19. h5 1/2-1/2

[Event "NOR-chT 1112"]
[Site "Norway"]
[Date "2011.11.05"]
[Round "2"]
[White "Hagesaether, Halvard"]
[Black "Holm, Kristian Stuvik"]
[Result "1/2-1/2"]
[WhiteElo "2281"]
[BlackElo "2272"]
[PlyCount "57"]
[EventDate "2011.11.04"]
[EventType "team-tourn"]
[EventRounds "9"]
[EventCountry "NOR"]
[SourceTitle "EXT 2013"]
[Source "ChessBase"]
[SourceDate "2012.11.22"]
[SourceVersion "1"]
[SourceVersionDate "2012.11.22"]
[SourceQuality "1"]
[WhiteTeam "Bergens"]
[BlackTeam "Kristiansund"]
[WhiteTeamCountry "NOR"]
[BlackTeamCountry "NOR"]

1. d4 Nf6 2. Nc3 d5 3. Bg5 e6 4. e4 Be7 5. e5 Nfd7 6. h4 a6 7. Qg4 Bxg5 8. hxg5 g6 9. 0-0-0 c5 10. dxc5 Nc6 11. Rh6 Nxc5 12. Nh3 Qe7 13. Qh4 Bd7 14. Rxh7 Rxh7 15. Qxh7 0-0-0 16. f4 b5 17. Nf2 b4 18. Ne2 a5 19. Qh3 Kb7 20. Qe3 Rc8 21. Kb1 Be8 22. Nc1 Na7 23. a3 Qc7 24. axb4 axb4 25. Nb3 Na4 26. Nd4 Qa5 27. Nb3 Qc7 28. Nd4 Qa5 29. Nb3 1/2-1/2

[Event "Pula op 25th"]
[Site "Pula"]
[Date "2011.06.25"]
[Round "9"]
[White "Porper, Edward"]
[Black "Hagesaether, Halvard"]
[Result "1-0"]
[WhiteElo "2446"]
[BlackElo "2276"]
[PlyCount "63"]
[EventDate "2011.06.18"]
[EventType "swiss"]
[EventRounds "9"]
[EventCountry "CRO"]
[SourceTitle "CBM 143 Extra"]
[Source "ChessBase"]
[SourceDate "2011.08.29"]
[SourceVersion "1"]
[SourceVersionDate "2011.08.29"]
[SourceQuality "1"]

1. d4 Nf6 2. c4 e5 3. dxe5 Ne4 4. Nf3 Bb4+ 5. Bd2 Nxd2 6. Nbxd2 Nc6 7. a3 Bxd2+ 8. Qxd2 Qe7 9. g3 Nxe5 10. Nxe5 Qxe5 11. Bg2 0-0 12. 0-0 d6 13. b4 Rb8 14. Rad1 Re8 15. e4 Bd7 16. Qd4 a6 17. Qxe5 Rxe5 18. f4 Ree8 19. c5 Bb5 20. Rf2 dxc5 21. bxc5 Bc6 22. e5 Bxg2 23. Kxg2 Kf8 24. Kf3 Re6 25. Ke4 b6 26. cxb6 cxb6 27. Rc2 Re7 28. Rd6 a5 29. Rb2 b5 30. Ra6 a4 31. Rxa4 Reb7 32. Rab4 1-0

[Event "Pula op 25th"]
[Site "Pula"]
[Date "2011.06.20"]
[Round "3"]
[White "Kuljasevic, Davorin"]
[Black "Hagesaether, Halvard"]
[Result "1-0"]
[WhiteElo "2537"]
[BlackElo "2276"]
[PlyCount "73"]
[EventDate "2011.06.18"]
[EventType "swiss"]
[EventRounds "9"]
[EventCountry "CRO"]
[SourceTitle "CBM 143 Extra"]
[Source "ChessBase"]
[SourceDate "2011.08.29"]
[SourceVersion "1"]
[SourceVersionDate "2011.08.29"]
[SourceQuality "1"]

1. d4 Nf6 2. c4 e5 3. dxe5 Ne4 4. Qc2 Bb4+ 5. Nc3 d5 6. e3 Bf5 7. Qb3 Bxc3+ 8. bxc3 dxc4 9. Qxc4 0-0 10. Nf3 Nc6 11. Be2 Qe7 12. Nd4 Qxe5 13. f3 Nd6 14. Nxc6 Nxc4 15. Nxe5 Nxe5 16. e4 Bd7 17. Be3 Bc6 18. 0-0-0 Rad8 19. Rd4 Rde8 20. g4 Nd7 21. Rhd1 Nc5 22. h4 Ne6 23. R4d2 Rd8 24. Rxd8 Nxd8 25. e5 b6 26. f4 Re8 27. Bc4 Kf8 28. f5 Nb7 29. Bf4 Bf3 30. Rd7 Re7 31. Rxe7 Kxe7 32. g5 Nc5 33. Be3 Nd7 34. f6+ Kf8 35. e6 fxe6 36. Bxe6 Ne5 37. fxg7+ 1-0

[Event "NOR-chT 0809"]
[Site "Norway"]
[Date "2008.11.07"]
[Round "1"]
[White "Hagesaether, Halvard"]
[Black "Kirkebo, Carl Peter"]
[Result "1/2-1/2"]
[WhiteElo "2238"]
[BlackElo "2076"]
[PlyCount "80"]
[EventDate "2008.11.07"]
[EventType "tourn"]
[EventRounds "11"]
[EventCountry "NOR"]
[SourceTitle "EXT 2010"]
[Source "ChessBase"]
[SourceDate "2010.11.25"]
[SourceVersion "1"]
[SourceVersionDate "2010.11.25"]
[SourceQuality "1"]

1. e4 c5 2. Nf3 Nc6 3. Bb5 g6 4. Bxc6 dxc6 5. 0-0 Bg7 6. d3 Nf6 7. Nc3 Nd7 8. Be3 e5 9. Qd2 Qe7 10. Bh6 0-0 11. h3 f6 12. Bxg7 Kxg7 13. Nh2 Nb6 14. f4 exf4 15. Rxf4 Be6 16. Raf1 Rf7 17. R4f2 Raf8 18. Nf3 Nd7 19. Ne2 h6 20. Nf4 b6 21. b3 Ne5 22. Nh4 Bc8 23. Qe3 Kh7 24. Ne2 Re8 25. Qg3 Rg8 26. Kh1 f5 27. exf5 gxf5 28. Qf4 Ng4 29. hxg4 Qxh4+ 30. Kg1 Rxg4 31. Qb8 Rg8 32. Nf4 Qf6 33. Re1 Qd4 34. Qe5 Rfg7 35. Kf1 Rg4 36. Qxd4 cxd4 37. Re7+ R8g7 38. Re8 Rg8 39. Re7+ R8g7 40. Re8 Rg8 1/2-1/2

[Event "NOR-chT 0809"]
[Site "Norway"]
[Date "2008.11.07"]
[Round "2"]
[White "Kvisla, Johannes Luangtep"]
[Black "Hagesaether, Halvard"]
[Result "0-1"]
[WhiteElo "2180"]
[BlackElo "2238"]
[PlyCount "76"]
[EventDate "2008.11.07"]
[EventType "tourn"]
[EventRounds "11"]
[EventCountry "NOR"]
[SourceTitle "EXT 2010"]
[Source "ChessBase"]
[SourceDate "2010.11.25"]
[SourceVersion "1"]
[SourceVersionDate "2010.11.25"]
[SourceQuality "1"]

1. d4 Nf6 2. c4 Nc6 3. Nc3 e5 4. d5 Ne7 5. h4 Neg8 6. Qd3 Bd6 7. g3 Bc5 8. Bg2 d6 9. Nh3 Ne7 10. Bd2 a6 11. e3 h6 12. Qe2 0-0 13. Ne4 Nxe4 14. Bxe4 b5 15. b4 Bb6 16. a4 bxc4 17. a5 Ba7 18. Qxc4 c6 19. Rc1 cxd5 20. Bxd5 Nxd5 21. Qxd5 Rb8 22. Qd3 Bb7 23. 0-0 Qf6 24. Qe2 Rbc8 25. Kh2 Qf5 26. f3 Rxc1 27. Bxc1 Rc8 28. e4 Qe6 29. Nf2 Qb3 30. Bd2 Rc2 31. Kg2 d5 32. exd5 Bxd5 33. Rc1 Rxd2 34. Qxd2 Qxf3+ 35. Kh3 Qg2+ 36. Kg4 Be6+ 37. Kh5 Qf3+ 38. g4 Kh7 0-1

[Event "NOR-chT Ishav 0708"]
[Site "Oslo"]
[Date "2008.03.28"]
[Round "7.5"]
[White "Hagesaether, Halvard"]
[Black "Royset, Pal"]
[Result "1/2-1/2"]
[WhiteElo "2223"]
[BlackElo "2144"]
[PlyCount "137"]
[EventDate "2007.11.09"]
[EventType "team-swiss"]
[EventRounds "9"]
[EventCountry "NOR"]
[SourceTitle "EXT 2010"]
[Source "ChessBase"]
[SourceDate "2010.11.25"]
[SourceVersion "1"]
[SourceVersionDate "2010.11.25"]
[SourceQuality "1"]

1. e4 e5 2. Nf3 Nc6 3. Bc4 Be7 4. 0-0 Nf6 5. d3 0-0 6. Bb3 d6 7. c3 Be6 8. Nbd2 Qd7 9. Re1 Na5 10. Bc2 c5 11. Nf1 Nc6 12. Ng3 Bd8 13. h3 Rc8 14. a3 Bb6 15. Ba4 Qc7 16. Nh4 Ne7 17. Bg5 Ne8 18. Bxe7 Qxe7 19. Nhf5 Qd8 20. Bxe8 Rxe8 21. c4 g6 22. Ne3 Ba5 23. Rf1 a6 24. f4 exf4 25. Rxf4 Qg5 26. Rf3 b5 27. Qe2 Rb8 28. Raf1 bxc4 29. dxc4 Re7 30. Nd5 Bxd5 31. cxd5 c4 32. Qxc4 Rxb2 33. Kh1 Rc7 34. Qxa6 Bc3 35. Qa8+ Kg7 36. Qe8 Rbb7 37. Ne2 Be5 38. Nf4 Qe7 39. Qxe7 Rxe7 40. Nd3 Bd4 41. Nb4 Rxe4 42. Nc6 f5 43. a4 Rb2 44. Nxd4 Rxd4 45. Ra1 Rb6 46. Rc3 Rxd5 47. Rc7+ Kh6 48. Ra7 Rb2 49. a5 Rdd2 50. Rc7 Rxg2 51. Rcc1 Rgc2 52. Rxc2 Rxc2 53. a6 Rc8 54. Kg2 Kg5 55. Kf3 Kf6 56. a7 Ra8 57. Ra5 Ke6 58. Kf4 Kd7 59. Kg5 Kc6 60. h4 Kb6 61. Rd5 Rxa7 62. Rxd6+ Kc5 63. Rd1 Ra4 64. h5 Ra6 65. Kh6 Rd6 66. Rf1 Kd4 67. Kxh7 gxh5 68. Rxf5 Rd5 69. Kg6 1/2-1/2

[Event "NOR-chT Ishav 0708"]
[Site "Oslo"]
[Date "2007.11.11"]
[Round "3"]
[White "Hagesaether, Halvard"]
[Black "Gabrielsen, Trond"]
[Result "1/2-1/2"]
[WhiteElo "2209"]
[BlackElo "2285"]
[PlyCount "54"]
[EventDate "2007.11.09"]
[EventType "team-swiss"]
[EventRounds "9"]
[EventCountry "NOR"]
[SourceTitle "EXT 2010"]
[Source "ChessBase"]
[SourceDate "2010.11.25"]
[SourceVersion "1"]
[SourceVersionDate "2010.11.25"]
[SourceQuality "1"]

1. e4 c6 2. d4 d5 3. Nc3 dxe4 4. Nxe4 Bf5 5. Nc5 b6 6. Nb3 Nf6 7. Nf3 e6 8. g3 Nbd7 9. Bg2 Qc7 10. 0-0 Bd6 11. Nbd2 0-0 12. Nc4 Be4 13. Nxd6 Qxd6 14. c4 Rfd8 15. Bf4 Qf8 16. Qe2 c5 17. Rfd1 cxd4 18. Rxd4 Nc5 19. Rad1 Rxd4 20. Rxd4 Rd8 21. Qd1 Rxd4 22. Qxd4 Qc8 23. Qd6 Nd3 24. Be5 Bxf3 25. Bxf3 Nxe5 26. Qxe5 h6 27. Qd4 Qc5 1/2-1/2

[Event "NOR-chT 0607"]
[Site "Oslo"]
[Date "2007.03.11"]
[Round "9"]
[White "Hagesaether, Halvard"]
[Black "Hammerstad, Asmund"]
[Result "1-0"]
[WhiteElo "2244"]
[BlackElo "2215"]
[PlyCount "55"]
[EventDate "2006.11.10"]
[EventType "team-tourn"]
[EventRounds "9"]
[EventCountry "NOR"]
[SourceTitle "EXT 2008"]
[Source "ChessBase"]
[SourceDate "2007.11.25"]
[SourceVersion "1"]
[SourceVersionDate "2007.11.25"]
[SourceQuality "1"]

1. e4 e6 2. d4 d5 3. Nc3 Bb4 4. e5 c5 5. Bd2 Ne7 6. dxc5 Nbc6 7. f4 0-0 8. Nf3 f6 9. exf6 Rxf6 10. Bd3 Ng6 11. Bxg6 Rxg6 12. Qe2 e5 13. fxe5 d4 14. Ne4 Qd5 15. Bxb4 Nxb4 16. 0-0 Bg4 17. Kh1 Rf8 18. c4 d3 19. Qe3 Qxc4 20. Nfd2 Rxf1+ 21. Rxf1 Qd5 22. Qf4 h6 23. Qf8+ Kh7 24. Qe7 Nc6 25. Qxb7 Qxe5 26. Rf8 Bf5 27. Qf7 Be6 28. Qe8 1-0

[Event "NOR-chT 0607"]
[Site "Oslo"]
[Date "2007.03.09"]
[Round "7"]
[White "Hagesaether, Halvard"]
[Black "Kirkebo, Carl Peter"]
[Result "1-0"]
[WhiteElo "2244"]
[BlackElo "2181"]
[PlyCount "39"]
[EventDate "2006.11.10"]
[EventType "team-tourn"]
[EventRounds "9"]
[EventCountry "NOR"]
[SourceTitle "EXT 2008"]
[Source "ChessBase"]
[SourceDate "2007.11.25"]
[SourceVersion "1"]
[SourceVersionDate "2007.11.25"]
[SourceQuality "1"]

1. e4 e6 2. d4 d5 3. Nc3 Bb4 4. e5 c5 5. Bd2 Nc6 6. Nb5 Bxd2+ 7. Qxd2 Nxd4 8. Nd6+ Kf8 9. 0-0-0 h5 10. c3 Nc6 11. f4 Nh6 12. Nf3 g6 13. Bd3 b6 14. h3 Kg7 15. g4 hxg4 16. hxg4 Ne7 17. Ng5 f6 18. exf6+ Kxf6 19. Rxh6 Rxh6 20. Ngf7 1-0

[Event "Coventry op"]
[Site "Coventry"]
[Date "2005.03.25"]
[Round "3"]
[White "Dunn, Alan Stephan"]
[Black "Hagesaether, Halvard"]
[Result "1/2-1/2"]
[WhiteElo "2056"]
[BlackElo "2258"]
[PlyCount "79"]
[EventDate "2005.03.24"]
[EventType "swiss"]
[EventRounds "9"]
[EventCountry "ENG"]
[SourceTitle "CBM 105 Extra"]
[Source "ChessBase"]
[SourceDate "2005.05.01"]
[SourceVersion "1"]
[SourceVersionDate "2005.05.01"]
[SourceQuality "1"]

1. e4 c5 2. Nf3 d6 3. d4 Nf6 4. Nc3 cxd4 5. Nxd4 a6 6. f3 e5 7. Nb3 Be6 8. f4 exf4 9. Bxf4 Nc6 10. Qd2 Be7 11. 0-0-0 Ne5 12. Nd4 Qc7 13. Nf5 Bxf5 14. exf5 Rc8 15. Bg5 0-0 16. Bxf6 Bxf6 17. Nd5 Qd8 18. Kb1 Bg5 19. Qf2 Qa5 20. h4 Bd8 21. Qg3 Nd7 22. h5 h6 23. Qxd6 Nf6 24. Ne7+ Bxe7 25. Qxe7 Nd5 26. Qe1 Qc5 27. Bd3 Rfe8 28. Qd2 Ne3 29. Rde1 Nxf5 30. Rh3 Nd4 31. c3 Rxe1+ 32. Qxe1 Ne6 33. Bc2 Rd8 34. g4 Qg5 35. Bf5 Rd6 36. Re3 Qd8 37. Bc2 Qg5 38. Bf5 Qd8 39. Bc2 Qg5 40. Bf5 1/2-1/2

[Event "Coventry op"]
[Site "Coventry"]
[Date "2005.03.24"]
[Round "1"]
[White "Mansson, James C"]
[Black "Hagesaether, Halvard"]
[Result "0-1"]
[WhiteElo "2093"]
[BlackElo "2258"]
[PlyCount "60"]
[EventDate "2005.03.24"]
[EventType "swiss"]
[EventRounds "9"]
[EventCountry "ENG"]
[SourceTitle "CBM 105 Extra"]
[Source "ChessBase"]
[SourceDate "2005.05.01"]
[SourceVersion "1"]
[SourceVersionDate "2005.05.01"]
[SourceQuality "1"]

1. d4 Nf6 2. c4 Nc6 3. Nf3 d6 4. Nc3 e5 5. d5 Ne7 6. e4 Ng6 7. g3 Be7 8. h4 Nf8 9. Bd2 c6 10. Be2 cxd5 11. cxd5 a6 12. Nh2 N8d7 13. b4 0-0 14. 0-0 Nb6 15. Re1 Bd7 16. Nf1 Rc8 17. Ne3 Rxc3 18. Bxc3 Nxe4 19. Bb2 f5 20. Bd3 Qe8 21. Nc4 Nxc4 22. Bxc4 Bd8 23. Qd3 Qg6 24. Kf1 Bb6 25. Re2 Qg4 26. Ke1 Qh3 27. Qf3 Qh2 28. Kd1 Ba4+ 29. Bb3 Bb5 30. Re1 Nxf2+ 0-1

[Event "BCF-chT3 0405 (4NCL)"]
[Site "Telford"]
[Date "2005.01.16"]
[Round "4.1"]
[White "Hagesaether, Halvard"]
[Black "Smith, Graham M"]
[Result "1-0"]
[WhiteElo "2258"]
[BlackElo "2118"]
[PlyCount "63"]
[EventDate "2004.11.06"]
[EventType "team-tourn"]
[EventRounds "11"]
[EventCountry "ENG"]
[SourceTitle "EXT 2006"]
[Source "ChessBase"]
[SourceDate "2005.11.24"]
[SourceVersion "1"]
[SourceVersionDate "2005.11.24"]
[SourceQuality "1"]
[WhiteTeam "Poisoned Pawns"]
[BlackTeam "FCA Solutions"]
[WhiteTeamCountry "ENG"]
[BlackTeamCountry "ENG"]

1. e4 g6 2. d4 Bg7 3. Nc3 d6 4. Bg5 Nd7 5. Qd2 c5 6. Nf3 cxd4 7. Nxd4 Ngf6 8. 0-0-0 0-0 9. h4 h5 10. f3 Ne5 11. Kb1 Bd7 12. Nd5 Nxd5 13. exd5 a6 14. g4 hxg4 15. h5 gxf3 16. Bh6 Bxh6 17. Qxh6 Ng4 18. Qd2 e5 19. dxe6 fxe6 20. hxg6 Qf6 21. Bh3 e5 22. Bxg4 Bxg4 23. Qh6 Qg7 24. Qg5 Rf4 25. Rh7 Qf6 26. Qh6 f2 27. Rf7 Qh8 28. Rh7 Qf6 29. Rxb7 Qh8 30. Rh7 Qf6 31. Nc6 Re8 32. Rb7 1-0